000 00287nam a22001337a 4500
008 181022b xxu||||| |||| 00| 0 eng d
020 _a9781412994323
041 _aeng
080 _a159.9
100 _a49
101 _aPSI
245 _aBrain & Behavior
_cPowell, B
942 _2udc
_cBK
999 _c50512
_d50512